000
00303nam a2200109Ia 4500
008
230907s9999||||xx |||||||||||||| ||und||
082
_a
620.115,NAN
245
0
_a
Nanofabrication and its application in renewable energy/
260
_a
Royal Society
_b
New York
_c
2014
300
_a
xiv,225p.:
942
_c
BK
999
_c
597966
_d
597966